| 000 | 00412pam a2200181a 44500 | ||
|---|---|---|---|
| 008 | 230405s2001 xxu||||| |||| 00| 0 eng d | ||
| 041 | _aENG | ||
| 100 | _aJulia Elliott | ||
| 245 | _aOxford Dictionary and Thesaurus Vol-III | ||
| 250 | _a1 | ||
| 260 |
_a _bOxford _c2001 |
||
| 300 | _a932p,24cms | ||
| 440 | _a498 | ||
| 690 | _aIMRDA | ||
| 700 | _aChris cowley | ||
| 700 | _aAnne knight | ||
| 906 | _a3955 | ||
| 999 |
_c256814 _d256814 |
||